000 00924nam a2200253Ia 4500
003 OSt
005 20220930192003.0
006 a|||||r|||| 00| 0
007 ta
008 220926b |||||||| |||| 00| 0 eng d
024 _a9628
037 _cDissertations
040 _aCRL
_cCRL
_beng
041 _2eng
_aeng
100 _aChowdhary Debashish
_9560747
110 _aUniversity of Delhi. Faculty of Medical Sciences. Department of Medicine
245 0 _aStudy of artial and venticular arrhythmias in asymptomatic active elderly Indian subjects and their correlation with left atrial size and left ventricular mass
260 _c1992
650 _aMEDICINE
700 _a Dr G S Mansharamani Supervisor
_9560748
700 _aUniversity of Delhi. Faculty of Medical Sciences. Department of Medicine
942 _cDIS
_2CC
999 _c894637
_d894637